Philosophers who believe : (Record no. 9825)
[ view plain ]
| 000 -LEADER | |
|---|---|
| fixed length control field | 00742nam a22002172 4500 |
| 001 - CONTROL NUMBER | |
| control field | 0000023453 |
| 005 - DATE AND TIME OF LATEST TRANSACTION | |
| control field | 20151217152241.0 |
| 008 - FIXED-LENGTH DATA ELEMENTS--GENERAL INFORMATION | |
| fixed length control field | 121204s xx 000 0 eng d |
| 020 ## - INTERNATIONAL STANDARD BOOK NUMBER | |
| International Standard Book Number | 0830818510 : |
| 040 ## - CATALOGING SOURCE | |
| Original cataloging agency | KABU |
| Transcribing agency | KABU |
| 245 10 - TITLE STATEMENT | |
| Title | Philosophers who believe : |
| Remainder of title | the spiritual journeys of 11 leading thinkers / |
| Statement of responsibility, etc. | edited by Kelly James Clark. |
| 250 ## - EDITION STATEMENT | |
| Edition statement | 1st ed. |
| 260 ## - PUBLICATION, DISTRIBUTION, ETC. (IMPRINT) | |
| Place of publication, distribution, etc. | Downers Grove, IL. : |
| Name of publisher, distributor, etc. | IV Press, |
| Date of publication, distribution, etc. | 1993. |
| 300 ## - PHYSICAL DESCRIPTION | |
| Extent | 284 p. |
| 650 #0 - SUBJECT ADDED ENTRY--TOPICAL TERM | |
| Topical term or geographic name as entry element | Christian philosophers |
| General subdivision | Biography. |
| -- | 0000182852 |
| 650 #0 - SUBJECT ADDED ENTRY--TOPICAL TERM | |
| Topical term or geographic name as entry element | Christianity |
| General subdivision | History |
| -- | Philosophy. |
| Chronological subdivision | 20th century. |
| -- | 0000182853 |
| 700 1# - ADDED ENTRY--PERSONAL NAME | |
| Personal name | Clark, Kelly James. |
| -- | 0000182854 |
| 852 1# - LOCATION | |
| -- | p500 KES |
| 908 ## - PUT COMMAND PARAMETER (RLIN) | |
| Put command parameter | 121204 |
| 950 ## - LOCAL HOLDINGS (RLIN) | |
| -- | 1 |
| Withdrawn status | Lost status | Source of classification or shelving scheme | Not for loan | Home library | Current library | Date acquired | Total Checkouts | Full call number | Barcode | Date last seen | Date last checked out | Copy number | Price effective from | Koha item type | Shelving location | Source of acquisition | Inventory number |
|---|---|---|---|---|---|---|---|---|---|---|---|---|---|---|---|---|---|
| Library of Congress Classification | Kabarak, Main Campus | Kabarak, Main Campus | 17/12/2015 | 2 | BR102 .A1P45 1993 C. 1 | 014220 | 02/08/2024 | 13/04/2024 | C.1 | 17/12/2015 | General Collection | ||||||
| Library of Congress Classification | Kabarak, Main Campus | Kabarak, Main Campus | 17/12/2015 | BR102 .A1P45 1993 C. 2 | 39988 | 09/12/2025 | C.2 | 17/12/2015 | General Collection | General Stacks | Donation | 2025/2205 |